[Event "Tournoi ouvert de Gatineau (Section -1800)"]
[Site "Gatineau"]
[Date "2014.02.??"]
[Round "1"]
[White "Raymond, Daniel"]
[Black "Langer, Herb"]
[Result "0-1"]
[BlackElo "1694"]
[WhiteElo "1797"]

1.e4 c5 2.Nf3 d6 3.d4 cxd4 4.Nxd4 a6 5.Be2 Nf6 6.Nc3 g6 7.Be3 Bg7 8.O-O O-O
9.f3 Nc6 10.Qd2 Bd7 11.Rad1 Qc7 12.Bh6 Nxd4 13.Bxg7 Nxe2+ 14.Qxe2 Kxg7
15.Rfe1 Rfe8 16.Nd5 Nxd5 17.exd5 Qb6+ 18.Kh1 Qxb2 19.Rb1 Qxa2 20.Rxb7 Bb5
21.Qd2 Rac8 22.Qd4+ Kf8 23.c3 Qc4 24.Qxc4 Bxc4 25.Rbxe7 Rxe7 0-1

[Event "Tournoi ouvert de Gatineau (Section -1800)"]
[Site "Gatineau"]
[Date "2014.02.??"]
[Round "1"]
[White "Germain, Benoît"]
[Black "Lavergne, Daniel"]
[Result "1-0"]
[BlackElo "1771"]
[WhiteElo "1670"]

1.e4 e5 2.Nf3 Nc6 3.Be2 Nf6 4.d3 Be7 5.O-O O-O 6.c4 d6 7.Nc3 h6 8.h3 Be6 9.d4
exd4 10.Nxd4 Nxd4 11.Qxd4 Nd7 12.Be3 f5 13.Nd5 Bf6 14.Nxf6+ Rxf6 15.f4 fxe4
16.Qxe4 Bf5 17.Qd5+ Kh8 18.Bd4 Rf8 19.g4 Bh7 20.Qxb7 Rb8 21.Qc6 Nf6 22.Bf3
Rb4 23.a3 Rb3 24.Bc3 Qe7 25.Rae1 Qf7 26.f5 Bg8 27.Re6 Qd7 28.Qxd7 Nxd7
29.Rxh6+ Bh7 30.Re6 Rxc3 31.bxc3 Ne5 32.Be2 Rb8 33.g5 Bg8 34.Re7 Rb2 35.Rf4
1-0

[Event "Tournoi ouvert de Gatineau (Section -1800)"]
[Site "Gatineau"]
[Date "2014.02.??"]
[Round "1"]
[White "Danilov, Alex"]
[Black "Bilodeau, Victor"]
[Result "1/2-1/2"]
[BlackElo "1647"]
[WhiteElo "1744"]

1.Nf3 d5 2.c4 Nf6 ( 2...d4 3.e3 c5 4.b4 f6 5.bxc5 e5 6.exd4 e4 7.Qe2 Qe7
8.Ng1 Nc6 9.Bb2 Nh6 10.Na3 ) 3.b3 g6 4.Bb2 Bg7 5.g3 O-O ( 5...Bg4 6.Bg2 c6
7.O-O O-O 8.h3 Bxf3 9.Bxf3 Re8 10.d4 ) 6.Bg2 Nc6 7.e3 Bg4 8.h3 Bxf3 9.Bxf3 e6
( 9...e5 $142 ) 10.O-O Re8 11.d4 Ne7 12.Nd2 ( 12.Nc3 $142 ) 12...c6 13.Qc2
Qc7 14.Bg2 Rac8 15.Rae1 ( 15.b4 $142 ) 15...Nf5 16.e4 $6 ( 16.Rc1 $142 )
16...dxe4 17.Nxe4 ( 17.g4 $142 Nh4 18.Nxe4 Nxg2 19.Kxg2 Nxe4 20.Rxe4 $11 )
17...Nxe4 $11 ( 17...Red8 $142 $15 ) 18.Rxe4 Red8 19.Rd1 Rd7 20.Bc3 $6 ( 
20.g4 Nh4 21.Bh1 Rcd8 22.Qd2 $11 ) 20...Rcd8 $17 21.Qb2 Nd6 $2 $11 ( 21...e5
22.d5 cxd5 23.cxd5 Rxd5 24.Rxd5 Rxd5 25.Rb4 Rd1+ ( 25...Rd1+
{ the cwischencug! } ) 26.Kh2 b6 ) 22.Ree1 Nf5 23.Re4 c5 24.d5 Bxc3 25.Qxc3
Nd4 26.Ree1 ( 26.Rde1 ) 26...b6 27.Kh1 exd5 28.cxd5 Re7 29.Rxe7 Qxe7 30.Re1
Qf6 31.Qe3 Nc2 ( 31...Kg7 $15 32.Qe7 Rd6 33.Kg1 ( 33.Qxa7 Nf3 34.Rf1 Rxd5 $15
) 33...a5 ) 32.Qe7 Qxe7 33.Rxe7 Nb4 34.Rxa7 $14 Nxd5 35.Rb7 $6 ( 35.Bf1
$142 $14 Nf6 36.Bc4 Rd7 ) 35...Nc3 36.a4 Rd6 37.Bf3 Nb1 38.Kg2 Nd2 39.Be2 h5
40.Bb5 Rf6 41.Bc4 { draw agreed. } 1/2-1/2

[Event "Tournoi ouvert de Gatineau (Section -1800)"]
[Site "Gatineau"]
[Date "2014.02.??"]
[Round "1"]
[White "Arsenault, Yves"]
[Black "Leon, Carlos Antonio"]
[Result "0-1"]
[BlackElo "1723"]
[WhiteElo "1616"]

1.e4 e6 2.d4 d5 3.Nd2 c5 4.c3 Nc6 5.Ngf3 cxd4 6.cxd4 dxe4 7.Nxe4 Qd5 8.Nc3
Bb4 9.Bd2 Qd8 10.Bb5 Ne7 11.O-O O-O 12.Ne2 Qa5 13.Bd3 Rd8 14.Be3 Nd5 15.Bg5
Re8 16.Qc2 h6 17.Bh4 Bd6 18.a3 Bd7 19.Bg3 Bxg3 20.hxg3 Rac8 21.Qd2 Qb6 22.Nc3
Nf6 23.Rfe1 Ne7 24.Ne4 Nxe4 25.Bxe4 Bc6 26.Ne5 Bxe4 27.Rxe4 Nd5 28.Nd7 Qd8
29.Nc5 Nf6 30.Re2 Qc7 31.Nb3 Qd6 32.Rae1 Qd5 33.Nc5 Red8 34.Re5 Qxd4 35.Qxd4
Rxd4 36.Nxb7 Rb8 37.Rb5 Rd7 38.Nd6 Rxb5 39.Nxb5 Rb7 40.Re5 Nd5 41.Nc3 Nxc3
42.bxc3 Rb1+ 43.Kh2 Rb3 44.Ra5 Rxc3 45.Rxa7 Kf8 46.a4 Ra3 47.a5 h5 48.a6 g5
49.f4 g4 50.Ra8+ Kg7 51.a7 Ra1 52.Rb8 Rxa7 53.Rb5 Kg6 54.Rg5+ Kh6 55.Kg1 Ra2
56.Re5 Rd2 57.Kf1 Rd5 58.Rxd5 exd5 59.Ke2 Kg6 60.Ke3 Kf5 61.Kf2 Ke4 62.Ke2 f5
63.Kd2 Kd4 64.Ke2 Kc3 0-1

[Event "Tournoi ouvert de Gatineau (Section -1800)"]
[Site "Gatineau"]
[Date "2014.02.??"]
[Round "1"]
[White "Kearnan, Dan"]
[Black "Rapaka, Srikanth"]
[Result "1-0"]
[BlackElo "1577"]
[WhiteElo "1715"]

1.d4 Nf6 2.c4 g6 3.Nc3 Bg7 4.e4 d6 5.Nf3 Bg4 6.Be2 O-O 7.Be3 c6 8.O-O Qb6
9.Qd2 Nbd7 10.d5 Qc7 11.Bh6 Ne5 12.Bxg7 Kxg7 13.Nxe5 Bxe2 14.Qxe2 dxe5 15.Qe3
Nd7 16.Kh1 f5 17.exf5 Rxf5 18.Ne4 h6 19.Rad1 cxd5 20.cxd5 b6 21.d6 exd6
22.Rxd6 Nc5 23.Rfd1 Rf7 24.Nxc5 Qxc5 25.Qe1 Qxf2 26.Rxg6+ Kh8 { Time } 1-0

[Event "Tournoi ouvert de Gatineau (Section -1800)"]
[Site "Gatineau"]
[Date "2014.02.??"]
[Round "1"]
[White "Danis, Jacques"]
[Black "Legault, Stephane"]
[Result "1/2-1/2"]
[BlackElo "1708"]
[WhiteElo "1528"]

1.d4 Nf6 2.Bg5 d5 3.Bxf6 exf6 4.e3 Bd6 5.c4 Bb4+ 6.Nc3 Bxc3+ 7.bxc3 O-O
8.cxd5 Qxd5 9.c4 Qa5+ 10.Qd2 Qxd2+ 11.Kxd2 Nc6 12.Bd3 f5 13.Ne2 b6 14.Rab1 g6
15.Rhc1 Bb7 16.h4 Ne7 17.g3 h6 18.c5 Rfc8 19.Rb2 Bf3 20.Ba6 Rd8 21.a4 bxc5
22.Rxc5 Nd5 23.Nc3 Nf6 24.Rxc7 Rab8 25.Rb5 Rxb5 26.axb5 Rd7 27.Rxd7 Nxd7
28.Kd3 Nb6 29.e4 fxe4+ 30.Nxe4 Kg7 31.Nc3 f5 32.d5 Bxd5 33.Nxd5 Nxd5 34.Kd4
Nf6 35.Bb7 Kf7 36.Bf3 Ke6 37.Bc6 Kd6 38.f3 g5 39.hxg5 hxg5 40.Ba8 Ne8 41.Bd5
1/2-1/2

[Event "Tournoi ouvert de Gatineau (Section -1800)"]
[Site "Gatineau"]
[Date "2014.02.??"]
[Round "1"]
[White "Lemieux, Denis"]
[Black "Kulenovic, Sasha"]
[Result "0-1"]
[BlackElo "1516"]
[WhiteElo "1708"]

1.d4 Nf6 2.c4 e6 3.Nc3 Bb4 4.Qc2 Nc6 5.Nf3 d6 6.Bg5 h6 7.Bd2 O-O 8.e3 Re8
9.Be2 e5 10.d5 Nb8 11.e4 Nbd7 12.a3 Bxc3 13.Bxc3 a5 14.O-O a4 15.Ne1 Nc5
16.f3 Nh5 17.Nd3 Nxd3 18.Bxd3 Nf4 19.Bd2 g5 20.Bxf4 gxf4 21.Rac1 Qg5 22.Kh1
Kh8 23.Rg1 h5 24.g3 Bh3 25.Qf2 Rg8 26.Rce1 Bd7 27.Qd2 fxg3 28.Qxg5 Rxg5
29.Rxg3 f6 30.Rxg5 fxg5 31.Bf1 Rf8 32.Kg2 Rf4 33.Re3 Kg8 34.Bd3 Kf7 35.Re1
Ke7 36.Rc1 b6 37.Rg1 Kf6 38.h3 Bxh3+ 39.Kg3 h4+ 40.Kxh3 Rxf3+ 41.Kg4 Rxd3
42.Rf1+ Kg6 43.Rf3 Rxf3 44.Kxf3 Kh5 45.Kg2 Kg4 46.Kf2 h3 47.Kg1 Kg3 48.Kh1 h2
0-1

[Event "Tournoi ouvert de Gatineau (Section -1800)"]
[Site "Gatineau"]
[Date "2014.02.??"]
[Round "1"]
[White "Selmani, Sam"]
[Black "Piche, Guy"]
[Result "0-1"]
[BlackElo "1707"]
[WhiteElo "1492"]

1.d4 f5 2.g3 Nf6 3.Bg2 e6 4.c4 Be7 5.Nf3 O-O 6.O-O d5 7.b3 c6 8.Nbd2 Bd6
9.Qc2 Nbd7 10.Ng5 Qe8 11.Nh3 Ng4 12.Nf3 Kh8 13.Bf4 e5 14.Nxe5 Bxe5 15.Bxe5
Ndxe5 16.dxe5 dxc4 17.bxc4 Qxe5 18.Rab1 Re8 19.e3 Qf6 20.Nf4 Rb8 21.Ne2 Be6
22.c5 Qf7 23.Rb2 Bd5 24.Bxd5 Qxd5 25.Rd1 Qe5 26.Rd7 Re7 27.Rxe7 Qxe7 28.Qxf5
Ne5 29.Nd4 Re8 30.Qc2 Qf7 31.Qb1 Re7 32.Nf5 Rd7 33.Nd6 Qd5 34.Qe4 Rxd6
35.Qxd5 Rxd5 36.Rxb7 Kg8 37.Rxa7 Rxc5 38.Kg2 Nc4 39.a4 Ra5 40.Rxa5 Nxa5
41.Kf3 c5 42.Ke4 Kf7 43.Kd5 c4 44.Kd4 Ke6 45.g4 g5 46.f4 h6 47.f5+ Kf6 48.e4
Nc6+ 49.Kxc4 Ne5+ 50.Kd5 Nxg4 51.a5 Ne5 52.a6 Nd7 53.Kc6 Nb8+ 54.Kb7 Nxa6
55.Kxa6 g4 56.Kb5 h5 57.Kc5 h4 58.Kd4 g3 59.hxg3 h3 60.e5+ Kxf5 61.g4+ Ke6
0-1

[Event "Tournoi ouvert de Gatineau (Section -1800)"]
[Site "Gatineau"]
[Date "2014.03.??"]
[Round "2"]
[White "Danis, Jacques"]
[Black "Peters, Romy"]
[Result "1/2-1/2"]
[BlackElo "1697"]
[WhiteElo "1528"]

1.d4 d5 2.Bg5 c6 3.e3 Nd7 4.f4 Ngf6 5.Nf3 e6 6.Bd3 Be7 7.O-O Ne4 8.Bxe7 Qxe7
9.Bxe4 dxe4 10.Nfd2 Nf6 11.c4 O-O 12.Nc3 c5 13.Ndxe4 Nxe4 14.Nxe4 cxd4
15.Qxd4 Rd8 16.Qc3 Bd7 17.Rfd1 Bc6 18.Nf2 Rac8 19.Rxd8+ ( 19.Rd4 e5 20.fxe5 )
19...Rxd8 20.Rd1 Rxd1+ 21.Nxd1 Qh4 22.Qd2 h6 23.Nc3 a6 24.b4 Qf6 25.a4 Bxa4
26.Qd4 Bc6 27.Qxf6 gxf6 28.c5 Kg7 29.e4 Kg6 30.Kf2 f5 31.e5 f6 32.exf6 Kxf6
33.g3 e5 34.Ke3 h5 35.h4 Ke6 36.Kd3 Bb5+ 37.Ke3 Bc4 38.Na4 Bf1 39.Nc3 Bg2
40.Kd3 Bd5 41.Nxd5 Kxd5 42.fxe5 Kxe5 43.Ke3 Kd5 44.Kd3 ( 44.Kf4 Kc4 ( 
44...Ke6 45.Kg5 ) 45.Kxf5 Kxb4 46.g4 hxg4 ) 44...Ke6 ( 44...a5 45.Kc3 ( 
45.bxa5 Kxc5 46.Ke3 Kb5 47.Kf4 Kxa5 48.Kxf5 b5 49.g4 b4 50.gxh5 b3 51.h6 b2
52.Kf6 b1=Q 53.Kg7 Qb7+ 54.Kg6 Qe4+ 55.Kg7 Qg4+ 56.Kf8 Qxh4 57.Kg7 Qg5+
58.Kh7 ) 45...a4 46.Kb2 Kc4 47.Ka3 Kb5 ) 45.Ke2 Kd5 46.Kd3 Kc6 47.Kc4 b6
48.cxb6 Kxb6 49.Kd4 Kc6 50.Kc4 1/2-1/2

[Event "Tournoi ouvert de Gatineau (Section -1800)"]
[Site "Gatineau"]
[Date "2014.03.??"]
[Round "2"]
[White "Piche, Guy"]
[Black "Germain, Benoît"]
[Result "1-0"]
[BlackElo "1670"]
[WhiteElo "1707"]

1.d4 Nf6 2.c4 e6 3.Nc3 Bb4 4.Bd2 c5 5.e3 O-O 6.Nf3 d5 7.dxc5 Bxc5 8.Be2 Nc6
9.a3 d4 10.exd4 Nxd4 11.O-O b6 12.Nxd4 Bxd4 13.Bf3 Rb8 14.Qc2 a6 15.Rad1 Qc7
16.Ne2 Be5 17.h3 h6 18.Bb4 Re8 19.b3 a5 20.Bc3 Bb7 21.Bxb7 Rxb7 22.Bxe5 Qxe5
23.Nc3 Rc7 24.Rfe1 Qc5 25.a4 Rce7 26.Nb5 Nd5 27.Qe4 Nb4 28.Rd6 g6 29.Red1 Kg7
30.Qd4+ Qxd4 31.R1xd4 e5 32.Rd2 Re6 33.Nc7 1-0

[Event "Tournoi ouvert de Gatineau (Section -1800)"]
[Site "Gatineau"]
[Date "2014.03.??"]
[Round "2"]
[White "Selmani, Sam"]
[Black "Lemieux, Denis"]
[Result "1/2-1/2"]
[BlackElo "1708"]
[WhiteElo "1492"]

1.d4 c6 2.c4 d5 3.Nf3 e6 4.e3 Nf6 5.Nc3 Be7 6.Bd3 dxc4 7.Bxc4 c5 8.a3 O-O
9.O-O a6 10.Qe2 cxd4 11.exd4 Nbd7 12.Bg5 Nb6 13.Ba2 Re8 14.Rfd1 Nfd5 15.Ne4
Bd7 16.Bxe7 Qxe7 17.Ne5 Bb5 18.Qf3 f6 19.Nd3 Bxd3 20.Rxd3 Rab8 21.Re1 Kh8
22.Rd2 Na8 23.Nc5 Qd6 24.Nxb7 Rxb7 25.Bxd5 Rbb8 26.Bxa8 Rxa8 27.Rde2 Rab8
28.Qc3 Rbc8 29.Qg3 Qd5 30.h3 h6 31.Qg4 Rc6 32.Qe4 Qb5 33.Qb1 Rd6 34.Qa2 Qb6
35.Qc4 Rc6 36.Qd3 Rd6 37.Qc4 Rc6 1/2-1/2

[Event "Tournoi ouvert de Gatineau (Section -1800)"]
[Site "Gatineau"]
[Date "2014.03.??"]
[Round "2"]
[White "Legault, Stephane"]
[Black "Bilodeau, Victor"]
[Result "1-0"]
[BlackElo "1647"]
[WhiteElo "1708"]

1.e4 e5 2.f4 exf4 3.Nf3 d6 4.Bc4 Nf6 5.Nc3 Be6 6.d3 Bxc4 7.dxc4 Nh5 8.Qd5 g6
9.Ne2 Nc6 10.Nxf4 Nxf4 11.Bxf4 Bg7 12.O-O-O O-O 13.Bg5 Qc8 14.c5 Nb4 15.Qc4
dxc5 16.Kb1 Qe6 17.Qxe6 fxe6 18.Be7 Rf4 19.Bxc5 Rxe4 20.Rhe1 Rxe1 21.Rxe1 Na6
22.Bf2 Rd8 23.a3 Rd6 24.Ng5 e5 25.Ne4 Rd7 26.Kc1 b6 27.h4 h6 28.g4 c5 29.g5
Nb8 30.Kb1 Nc6 31.gxh6 Bh8 32.Rg1 Kh7 33.Be3 Nd4 34.Ng5+ Kxh6 35.Ne6+ Kh5
36.Rg5+ Kxh4 37.Bf2+ Kh3 38.Rg3+ Kh2 39.Ng5 Nf5 40.Nf3+ Kh1 41.Rg1# 1-0

[Event "Tournoi ouvert de Gatineau (Section -1800)"]
[Site "Gatineau"]
[Date "2014.03.??"]
[Round "2"]
[White "Kulenovic, Sasha"]
[Black "Kearnan, Dan"]
[Result "0-1"]
[BlackElo "1715"]
[WhiteElo "1516"]

1.e4 c5 2.Nf3 d6 3.Bb5+ Bd7 4.Bxd7+ Qxd7 5.O-O Nc6 6.Re1 g6 7.d4 cxd4 8.Nxd4
Bg7 9.c3 Nf6 10.Nd2 O-O 11.Nf1 Rac8 12.Nf3 b5 13.Bg5 b4 14.c4 Ng4 15.Qe2 Nge5
16.Nxe5 Nxe5 17.Rac1 Rc5 18.Be3 Rc7 19.b3 Rfc8 20.Red1 a5 21.c5 Qe6 22.cxd6
Rxc1 23.Rxc1 Rxc1 24.Bxc1 Qxd6 25.Qb5 Qd8 26.Be3 Nd7 27.Nd2 Be5 28.Nc4 Bc7
29.Qd5 Nf6 30.Qxd8+ Bxd8 31.f3 Ne8 32.Bb6 Bxb6+ 33.Nxb6 Nd6 34.e5 Nb5 35.Nc4
Nc3 36.a3 a4 37.axb4 axb3 38.Na3 b2 39.b5 Nxb5 40.Nb1 Kf8 41.Kf2 Ke8 42.Ke3
Kd7 43.Kd3 Kc6 44.Kc2 Kd5 45.f4 Ke4 46.g3 Kf3 47.Nd2+ Kg2 48.Kxb2 Kxh2 49.Ne4
Nd4 50.Ng5 Kxg3 51.Nxf7 Kxf4 52.Kc3 Nf3 53.e6 Kf5 0-1

[Event "Tournoi ouvert de Gatineau (Section -1800)"]
[Site "Gatineau"]
[Date "2014.03.??"]
[Round "2"]
[White "Leon, Carlos Antonio"]
[Black "Langer, Herb"]
[Result "1/2-1/2"]
[BlackElo "1694"]
[WhiteElo "1723"]

1.c4 e5 2.g3 Nf6 3.Bg2 Be7 4.Nc3 c6 5.d4 exd4 6.Qxd4 O-O 7.e4 d6 8.Nf3 Be6
9.O-O Nbd7 10.b3 Qb6 11.Qd1 Ne5 12.Qe2 Bg4 13.Bb2 Rfe8 14.Rfe1 Rad8 15.Na4
Nxf3+ 16.Bxf3 Bxf3 17.Qxf3 Qa5 18.Bc3 Qh5 19.Qxh5 Nxh5 20.Rad1 Bf6 21.Bb4 c5
22.Bc3 b6 23.f3 g6 24.Bxf6 Nxf6 25.Nc3 Kg7 26.Kf2 Kf8 27.Re2 Rd7 28.Red2 Red8
29.Nb5 Ke7 30.Ke3 a6 31.Nc3 Ke6 32.a4 Ke7 33.g4 g5 34.h4 h6 35.hxg5 hxg5
36.Rh1 Rg8 37.Ne2 Rdd8 38.Ng3 Ke6 39.Nf5 Rg6 40.Rhd1 Ne8 41.Rd5 Kd7 42.e5 Kc7
43.exd6+ Nxd6 44.Nxd6 Rdxd6 45.Ke4 Rde6+ 46.Kf5 Ref6+ 47.Ke4 Rf4+ 48.Ke3 Re6+
49.Kf2 f6 50.Rd7+ Kc6 51.R1d3 b5 52.axb5+ axb5 53.cxb5+ Kxb5 54.Rb7+ Rb6
55.Rxb6+ 1/2-1/2

[Event "Tournoi ouvert de Gatineau (Section -1800)"]
[Site "Gatineau"]
[Date "2014.03.??"]
[Round "2"]
[White "Seguin, Hubert"]
[Black "Danilov, Alex"]
[Result "1/2-1/2"]
[BlackElo "1744"]
[WhiteElo "1593"]

1.e4 c5 2.Nc3 e6 3.g3 Nc6 4.Bg2 d6 5.d3 Bd7 6.Nge2 a6 7.a4 Qc7 8.Be3 Nf6 9.f4
Rc8 10.O-O Ng4 11.Qd2 ( 11.Bc1 $11 ) 11...Nxe3 $15 12.Qxe3 Nd4 $6 ( 12...Be7
$142 ) 13.Nxd4 cxd4 14.Qxd4 d5 15.Kh1 $14 dxe4 16.dxe4 $144 ( 16.Qxe4 $142 )
16...Qc4 ( 16...h5 $142 ) ( 16...e5 17.fxe5 Bc5 18.Qd5 Be6 $11 ) 17.Rad1 Qxd4
18.Rxd4 Bc5 19.Rd2 Bb4 20.Rfd1 Bc6 21.Rd4 Bc5 { draw agreed. } ( 21...Bxc3
22.bxc3 O-O $11 ) 1/2-1/2

[Event "Tournoi ouvert de Gatineau (Section -1800)"]
[Site "Gatineau"]
[Date "2014.03.??"]
[Round "2"]
[White "Lavergne, Daniel"]
[Black "Arsenault, Yves"]
[Result "0-1"]
[BlackElo "1616"]
[WhiteElo "1771"]

1.d4 Nf6 2.c4 e6 3.Nf3 d5 4.cxd5 exd5 5.Nc3 Bb4 6.Qa4+ Nc6 7.Bg5 O-O 8.e3 h6
9.Bh4 Qd6 10.Rc1 Ne4 11.Be2 Bd7 12.a3 Nxc3 13.bxc3 Bxa3 14.Rb1 Nb4 15.Qb3 Bf5
16.cxb4 Bxb1 17.Qxa3 a5 18.O-O axb4 19.Qb3 Ba2 20.Qb2 f6 21.Bg3 Qb6 22.Rc1 c6
23.Bd6 Rfd8 24.Qxb4 Qxb4 25.Bxb4 Ra4 26.Bc5 b5 27.Bb6 Rd6 28.Bd1 Ra6 29.Bc5
Rd8 30.h4 Bc4 31.h5 Rb8 32.Nh4 b4 33.Nf5 b3 34.Bxb3 Rxb3 35.f3 Rb2 36.Kh2
Raa2 37.Rg1 Be2 38.Kg3 Ra6 39.Kf4 Bd3 40.Ne7+ Kf7 41.g4 Rc2 42.Rg3 Rxc5
43.dxc5 Kxe7 44.e4 dxe4 45.fxe4 Bc4 46.Rc3 Bf7 47.Rc2 g5+ 48.hxg6 Bxg6 49.Rh2
Ra4 50.Rxh6 Kf7 51.Rh2 Rxe4+ 52.Kf3 Rc4 53.Rb2 Rxc5 54.Rb7+ Ke6 55.Rg7 Rg5
56.Ke3 0-1

[Event "Tournoi ouvert de Gatineau (Section -1800)"]
[Site "Gatineau"]
[Date "2014.03.??"]
[Round "2"]
[White "Rapaka, Srikanth"]
[Black "Raymond, Daniel"]
[Result "0-1"]
[BlackElo "1797"]
[WhiteElo "1577"]

1.e4 c5 2.Nf3 d6 3.Bb5+ Bd7 4.Bxd7+ Qxd7 5.c3 Nf6 6.d3 Nc6 7.O-O e6 8.Re1 Be7
9.d4 cxd4 10.Nxd4 O-O 11.Bg5 Nxd4 12.cxd4 Qb5 13.Qd2 Nxe4 14.Rxe4 Bxg5 15.Nc3
Bxd2 16.Nxb5 d5 17.Re2 Bg5 18.g3 a6 19.Nc3 Bf6 20.Rd1 b5 21.f4 Rac8 22.g4 h6
23.Kg2 Rc4 24.Red2 Rfc8 25.Kf3 Bd8 26.Nb1 Ba5 27.Rd3 Rc2 28.Ra3 Bb4 29.Rb3
Bd6 30.h4 Rh2 31.Kg3 Rcc2 0-1

[Event "Tournoi ouvert de Gatineau (Section -1800)"]
[Site "Gatineau"]
[Date "2014.03.??"]
[Round "3"]
[White "Raymond, Daniel"]
[Black "Arsenault, Yves"]
[Result "1-0"]
[BlackElo "1616"]
[WhiteElo "1797"]

1.e4 c5 2.Nf3 Nc6 3.d4 cxd4 4.Nxd4 e5 5.Nf3 Nf6 6.Bg5 Be7 7.Nbd2 d6 8.Bc4 O-O
9.c3 Bg4 10.O-O Rc8 11.Qe2 Na5 12.Rad1 Nxc4 13.Nxc4 Qc7 14.Bxf6 Bxf3 15.Qxf3
Bxf6 16.Nxd6 Rcd8 17.Nf5 Qb6 18.b3 Rc8 19.Rd6 Rc6 20.Rfd1 Rfc8 21.Rxf6 Rxf6
22.Ne7+ Kf8 23.Nxc8 Qc7 24.Qh3 Re6 25.Qxh7 Rh6 26.Qf5 Re6 27.Qh3 Kg8 28.Nxa7
Rd6 29.Rxd6 Qxd6 30.Qc8+ Kh7 31.Qf5+ Kg8 32.h3 Qc5 33.Qc8+ Qxc8 34.Nxc8 Kf8
35.Nd6 b6 36.Nc4 Ke7 37.Nxb6 f6 38.a4 Kd6 39.a5 Kc6 40.b4 Kb5 41.g3 g6 42.Nd7
1-0

[Event "Tournoi ouvert de Gatineau (Section -1800)"]
[Site "Gatineau"]
[Date "2014.03.??"]
[Round "3"]
[White "Langer, Herb"]
[Black "Danilov, Alex"]
[Result "0-1"]
[BlackElo "1744"]
[WhiteElo "1694"]

1.d4 Nf6 2.c4 e6 3.Nc3 Bb4 4.Qc2 O-O 5.Nf3 d6 6.Bd2 c5 7.e3 cxd4 8.exd4 d5
9.cxd5 exd5 10.Bd3 Re8+ 11.Ne2 Nc6 12.O-O Bg4 13.a3 Bxf3 ( 13...Bxd2 14.Qxd2
Bxf3 15.gxf3 g6 $15 ) 14.gxf3 Bd6 15.Ng3 $2 Nxd4 16.Qd1 Rc8 17.Rc1 Rxc1
18.Bxc1 Ne6 ( 18...Nc6 ) ( 18...g6 $144 ) 19.Bb5 Re7 20.b4 a6 ( 20...Be5
$142 $19 ) 21.Ba4 b5 22.Bb3 Re8 ( 22...Be5 $142 ) 23.Bxd5 $2 ( 23.Re1 $142
Qd7 $17 ) 23...Bxg3 ( 23...Nxd5 $142 $1 24.Qxd5 Bxg3 25.Qxd8 Bxh2+ 26.Kxh2
Rxd8 ) 24.Bxe6 Bxh2+ 25.Kxh2 Qc7+ 26.Kg2 Rxe6 27.Be3 Ne8 ( 27...Rd6 28.Qc1
Qd7 29.Re1 h6 30.Bc5 Rd3 ) 28.f4 Rg6+ ( 28...Qc6+ $142 $1
{ Am ashamed to admit I
never saw this possibility for a "knock out" during the game. } 29.f3 ( 
29.Qd5 Qxd5+ ) 29...Rxe3 ) 29.Kf3 Nd6 30.Qd5 Qc8 31.Bc5 Qg4+ 32.Ke3 Re6+
33.Kd3 Qe2+ { White resignes } 34.Kc3 ( 34.Kd4 Qd2# ) 34...Ne4+ 35.Kb3 Nd2+
36.Kc3 Nxf1 0-1

[Event "Tournoi ouvert de Gatineau (Section -1800)"]
[Site "Gatineau"]
[Date "2014.03.??"]
[Round "3"]
[White "Legault, Stephane"]
[Black "Leon, Carlos Antonio"]
[Result "0-1"]
[BlackElo "1723"]
[WhiteElo "1708"]

1.e4 e6 2.b3 d5 3.e5 c5 4.Nf3 Nc6 5.Nc3 a6 6.Bb2 Qc7 7.a3 d4 8.Ne4 Nxe5 9.Ng3
Bd7 10.Be2 Bc6 11.O-O Nf6 12.d3 Ng6 13.Bc1 h5 14.Ng5 Bd6 15.Bxh5 Nxh5 16.Nxh5
Bxh2+ 17.Kh1 Bf4 18.Kg1 O-O-O 19.Qg4 Bxc1 20.Raxc1 Rxh5 21.Qxh5 Rh8 22.Nh7
Nf8 23.Qxc5 Nxh7 24.Rfe1 Nf6 25.Re5 Nd7 26.Qe7 Qxe5 0-1

[Event "Tournoi ouvert de Gatineau (Section -1800)"]
[Site "Gatineau"]
[Date "2014.03.??"]
[Round "3"]
[White "Kearnan, Dan"]
[Black "Piche, Guy"]
[Result "1/2-1/2"]
[BlackElo "1707"]
[WhiteElo "1715"]

1.d4 d5 2.c4 c6 3.Nf3 Bf5 4.Nc3 e6 5.e3 Bb4 6.Bd3 Bxd3 7.Qxd3 Nf6 8.O-O O-O
9.a3 Bd6 10.e4 dxe4 11.Nxe4 Nxe4 12.Qxe4 Nd7 13.Re1 Nf6 14.Qd3 c5 15.Bg5 cxd4
16.Qxd4 Be7 17.Rad1 Qxd4 18.Rxd4 Rfd8 19.Red1 Rxd4 20.Rxd4 Rd8 21.Rxd8+ Bxd8
22.Nd4 h6 23.Be3 a6 24.c5 Bc7 25.h3 Kf8 26.b4 Ke7 27.b5 axb5 28.Nxb5 Kd7
29.Bd4 Ne8 30.Kf1 Kc6 31.a4 Ba5 32.Be3 Bb4 33.Nd4+ Kd5 34.Nb3 Kc4 35.Nd2+
Bxd2 36.Bxd2 Kxc5 37.Ke2 Kc4 38.Ke3 Nc7 39.Ke4 f6 40.f4 Na6 41.a5 Nc5+ 42.Kf3
Nb3 43.Be1 Kb5 44.Kg4 g6 45.Bc3 f5+ 46.Kh4 Nc5 47.Bg7 Kxa5 48.Bxh6 Ne4 49.Bg7
b5 50.g4 b4 51.gxf5 exf5 52.Bb2 Ka4 53.Bg7 Kb3 54.Bf8 1/2-1/2

[Event "Tournoi ouvert de Gatineau (Section -1800)"]
[Site "Gatineau"]
[Date "2014.03.??"]
[Round "3"]
[White "Bilodeau, Victor"]
[Black "Lemieux, Denis"]
[Result "1-0"]
[BlackElo "1708"]
[WhiteElo "1647"]

1.d4 d5 2.Nf3 b6 3.Bf4 Nf6 4.e3 e6 5.c4 c6 6.Nc3 Be7 7.Bd3 O-O 8.O-O Nbd7
9.Ne5 Nxe5 10.dxe5 Nd7 11.Qc2 g6 12.Ne2 Nc5 13.Nd4 Qc7 14.cxd5 Nxd3 15.d6
Bxd6 16.exd6 Qd7 17.Qxd3 c5 18.Nf3 f6 19.Qc3 e5 20.Bh6 Re8 21.Qd3 Bb7 22.Qc4+
Kh8 23.Rfd1 Bxf3 24.gxf3 Qh3 25.d7 Red8 26.Qf7 Qxh6 27.Qxf6+ Qg7 28.Qc6 Qf7
29.Qxa8 Rxa8 30.d8=Q+ Rxd8 31.Rxd8+ Kg7 32.Kg2 a5 33.b3 Qf6 34.Rad1 Qg5+
35.Kf1 Qh4 36.Ke2 Qxh2 37.R1d7+ Kh6 38.Rh8 Kg5 39.Rhxh7 Qg1 40.Rd1 Qg2 41.Rd5
Kf6 42.Rd6+ Kg5 43.Rg7 Kh6 44.Rgxg6+ 1-0

[Event "Tournoi ouvert de Gatineau (Section -1800)"]
[Site "Gatineau"]
[Date "2014.03.??"]
[Round "3"]
[White "Peters, Romy"]
[Black "Kulenovic, Sasha"]
[Result "1-0"]
[BlackElo "1516"]
[WhiteElo "1697"]

1.d4 Nf6 2.Nf3 e6 3.e3 c5 4.Bd3 Nc6 5.c3 d5 6.Nbd2 c4 7.Bc2 b5 8.O-O b4 9.Qe2
a5 10.e4 Be7 11.Re1 O-O 12.exd5 exd5 13.Nf1 Bg4 14.h3 Bh5 15.Ng3 Bg6 16.Ba4
Ra6 17.Bxc6 Rxc6 18.Qxe7 Qb6 19.Qe3 Re6 20.Qd2 Ne4 21.Nxe4 Bxe4 22.Ng5 Re7
23.Nxe4 dxe4 24.Qf4 Rfe8 1-0

[Event "Tournoi ouvert de Gatineau (Section -1800)"]
[Site "Gatineau"]
[Date "2014.03.??"]
[Round "3"]
[White "Germain, Benoît"]
[Black "Danis, Jacques"]
[Result "1-0"]
[BlackElo "1528"]
[WhiteElo "1676"]

1.e4 g6 2.d4 Bg7 3.Nf3 d6 4.Bc4 e6 5.O-O Ne7 6.c3 O-O 7.Re1 c6 8.Be3 b6 9.Na3
Qc7 10.Qd2 Re8 11.Ng5 d5 12.Bb3 f6 13.Nh3 Kh8 14.f3 Nd7 15.c4 Nf8 16.cxd5
exd5 17.Nf4 g5 18.Nh5 Be6 19.Rac1 Qd7 20.e5 fxe5 21.Bxg5 exd4 22.Nxg7 Kxg7
23.Qxd4+ Kg8 24.Qf6 Neg6 25.h4 h5 26.Bh6 Kh7 27.Bxf8 Nxf8 28.Bc2+ Kg8 29.Re5
Re7 30.Rxh5 Rg7 31.Re1 Re8 32.Ree5 Bf7 33.Rhg5 Be6 34.Rxg7+ Qxg7 35.Rg5 1-0

[Event "Tournoi ouvert de Gatineau (Section -1800)"]
[Site "Gatineau"]
[Date "2014.03.??"]
[Round "4"]
[White "Piche, Guy"]
[Black "Raymond, Daniel"]
[Result "1-0"]
[BlackElo "1797"]
[WhiteElo "1707"]

1.d4 d5 2.c4 e6 3.Nf3 Nf6 4.Nc3 b6 5.Bg5 Be7 6.e3 Bb7 7.Be2 O-O 8.O-O Nbd7
9.Rc1 dxc4 10.Bxc4 Ne4 11.Bxe7 Qxe7 12.Bd3 Nxc3 13.Rxc3 c5 14.Qe2 e5 15.dxe5
Nxe5 16.Nxe5 Qxe5 17.f4 Qd6 18.Rd1 Qe7 19.e4 Rad8 20.e5 f6 21.Bc4+ Kh8
22.Rxd8 Rxd8 23.Rh3 g6 24.Bd3 f5 25.e6 Rd4 26.Qe5+ Kg8 27.Bxf5 gxf5 28.Rg3+
1-0

[Event "Tournoi ouvert de Gatineau (Section -1800)"]
[Site "Gatineau"]
[Date "2014.03.??"]
[Round "4"]
[White "Bilodeau, Victor"]
[Black "Lavergne, Daniel"]
[Result "0-1"]
[BlackElo "1771"]
[WhiteElo "1647"]

1.e4 e5 2.Nf3 Nc6 3.Nc3 Nf6 4.d4 exd4 5.Nxd4 Bc5 6.Nxc6 bxc6 7.e5 Qe7 8.Qe2
Nd5 9.Nxd5 cxd5 10.Be3 d4 11.Bf4 Rb8 12.b3 O-O 13.O-O-O Rb6 14.Qd3 a5 15.a4
Bb7 16.Qg3 Rg6 17.Qh3 Ba3+ 18.Kb1 c5 19.Bd3 Bxg2 20.Qh5 Bxh1 21.Rxh1 c4
22.Bxg6 fxg6 23.Qf3 Qf7 24.Ka2 Bb4 25.Rd1 Bc3 26.bxc4 Qxc4+ 0-1

[Event "Tournoi ouvert de Gatineau (Section -1800)"]
[Site "Gatineau"]
[Date "2014.03.??"]
[Round "4"]
[White "Danilov, Alex"]
[Black "Peters, Romy"]
[Result "1-0"]
[BlackElo "1697"]
[WhiteElo "1744"]

1.e4 e6 2.Nf3 d5 3.exd5 exd5 4.d4 Nf6 5.c4 dxc4 6.Bxc4 Bd6 7.Nc3 Qe7+ 8.Be2
O-O 9.O-O Bg4 10.h3 Be6 11.Re1 c6 12.Ng5 Re8 13.Bc4 Qd7 14.Nxe6 fxe6 15.Bg5
Qf7 16.Bxf6 ( 16.Rxe6 Rxe6 17.Qb3 Kh8 18.Bxe6 ) 16...Qxf6 17.Qb3 b6 18.Ne4
Qd8 19.Nxd6 Qxd6 20.Rxe6 Rxe6 21.Bxe6+ Kh8 22.d5 ( 22.Rc1 $142 ) 22...c5
23.Qb5 g6 24.Qe8+ Kg7 25.Qf7+ Kh6 26.Qb7 Na6 27.Qxa8 Nc7 28.Qg8 Qe5 29.Qf8+
Kh5 30.Bg4+ ( 30.g4+ Kg5 31.h4+ Kxh4 32.Qh6+ Qh5 33.gxh5 ) 30...Kg5 31.g3
Nxd5 32.f4+ Nxf4 33.gxf4+ Qxf4 34.Qxf4+ Kxf4 { Black resigns. } 1-0